El mago y la llama (Record no. 35554)

MARC details
000 -LEADER
campo de control de longitud fija 00534nam a2200193 i 4500
001 - NÚMERO DE CONTROL
campo de control 35554
003 - IDENTIFICADOR DE NÚMERO DE CONTROL
campo de control ES-MaACL
005 - FECHA Y HORA DE LA ÚLTIMA TRANSACCIÓN
campo de control 20250804063354.0
007 - CAMPO FIJO DE DESCRIPCIÓN FÍSICA--INFORMACIÓN GENERAL
campo de control de longitud fija t|
008 - DATOS DE LONGITUD FIJA--INFORMACIÓN GENERAL
campo de control de longitud fija 030213s1970 sp ||||1| spa d
100 1# - ENTRADA PRINCIPAL--NOMBRE DE PERSONA
Nombre de persona Bosch, Andrés,
Fechas asociadas al nombre 1926-1984
9 (RLIN) 160182
245 13 - MENCIÓN DEL TÍTULO
Título El mago y la llama
Resto del título : novela /
Mención de responsabilidad, etc. Andrés Bosch.
250 ## - MENCION DE EDICION
Mención de edición 1ª ed.
260 ## - PUBLICACIÓN, DISTRIBUCIÓN, ETC.
Lugar de publicación, distribución, etc. Barcelona :
Nombre del editor, distribuidor, etc. Planeta,
Fecha de publicación, distribución, etc. [1970]
300 ## - DESCRIPCIÓN FÍSICA
Extensión 391 p. ;
Dimensiones 19 cm.
500 ## - NOTA GENERAL
Nota general Premio Olimpia 1970.
852 ## - LOCALIZACIÓN
Ubicación ES-MaACL
Número de control de estantería C-39939
Sublocalización o colección R.75746
Holdings
Estatus retirado Estado de pérdida Estado de daño No para préstamo Biblioteca de origen Biblioteca actual Ubicación en estantería Fecha de adquisición Fuente de adquisición Total de préstamos Signatura topográfica completa Código de barras Visto por última vez Precio de reemplazo Tipo de ítem Koha
        Biblioteca del Ateneo de Madrid Biblioteca del Ateneo de Madrid Depósito 2 17/01/2008     C-39939 1037218 23/02/2023 23/02/2023 Libro impreso